Advanced level applied mathematics / (Record no. 181072)
[ view plain ]
| 000 -LEADER | |
|---|---|
| fixed length control field | 00954 a2200169 4500 |
| 003 - CONTROL NUMBER IDENTIFIER | |
| control field | NUST |
| 005 - DATE AND TIME OF LATEST TRANSACTION | |
| control field | 20230705132555.0 |
| 040 ## - CATALOGING SOURCE | |
| Transcribing agency | Nust |
| 082 ## - DEWEY DECIMAL CLASSIFICATION NUMBER | |
| Classification number | 519,GRE |
| 100 ## - MAIN ENTRY--PERSONAL NAME | |
| Personal name | Green, S. L. (Stanley Lawson) |
| 9 (RLIN) | 113375 |
| 245 ## - TITLE STATEMENT | |
| Title | Advanced level applied mathematics / |
| Statement of responsibility, etc. | Green, S. L. (Stanley Lawson) |
| 260 ## - PUBLICATION, DISTRIBUTION, ETC. | |
| Place of publication, distribution, etc. | London, |
| Name of publisher, distributor, etc. | University Tutorial Press |
| Date of publication, distribution, etc. | [1955] |
| 300 ## - PHYSICAL DESCRIPTION | |
| Extent | 324:p. |
| 505 ## - FORMATTED CONTENTS NOTE | |
| Formatted contents note | Motion of a particle in a straight line (Page-1), Motion in a straight line under gravity (Page-19), Newton,s laws of motion (Page- 24) Work,energy and power (Page-36), Impulses forces (Page-50), Vectors (Page-59), Relative velocity (Page-69), Impacts (Page-79), Statics of a particle (Page-96), Coplanar forces acting on a rigid body (Page-104), centre of mass (Page-135), iction (Page-166), Simple harmonic motion (Page-185), Projectiles (Page-197), Circular motion (Page-214), Hydrostatics (Page-277). |
| 650 ## - SUBJECT ADDED ENTRY--TOPICAL TERM | |
| Topical term or geographic name entry element | mathematics. |
| 942 ## - ADDED ENTRY ELEMENTS (KOHA) | |
| Source of classification or shelving scheme | |
| Koha item type | Book |
| Call number prefix | 519,GRE |
| Withdrawn status | Lost status | Source of classification or shelving scheme | Damaged status | Not for loan | Permanent Location | Current Location | Shelving location | Date acquired | Full call number | Barcode | Date last seen | Price effective from | Koha item type | Public note |
|---|---|---|---|---|---|---|---|---|---|---|---|---|---|---|
| Military College of Signals (MCS) | Military College of Signals (MCS) | General Stacks | 12/12/2016 | 519,GRE | MCS20754 | 12/08/2016 | 12/12/2016 | Book | Almirah No.77, Shelf No.1 |
